Derechos Humanos y militarización durante el gobierno de Belisario Betancur /
Gespeichert in:
| Körperschaften: | , |
|---|---|
| Format: | Text |
| Veröffentlicht: |
Madrid:
IEPALA
|
| Tags: |
Tag hinzufügen
Keine Tags, Fügen Sie den ersten Tag hinzu!
|
MARC
| LEADER | 00000 a a2200000 04500 | ||
|---|---|---|---|
| 001 | 22310 | ||
| 003 | |||
| 040 | |||
| 090 | |a 151600 | ||
| 110 | |a Instituto de Estudios Políticos para América Latina y Africa | ||
| 245 | |a Derechos Humanos y militarización durante el gobierno de Belisario Betancur / |c Instituto de Estudios Políticos para América Latina y Africa | ||
| 260 | |a Madrid: |b IEPALA | ||
| 300 | |a 29 p. | ||
| 710 | |a IEPALA | ||
| 999 | |c 235 |d 235 | ||
